|
|
|
|
| LEADER |
01382nam a2200361 i 4500 |
| 001 |
34452 |
| 003 |
BD-DhAAL |
| 005 |
20190331095819.0 |
| 008 |
190331t20182018enka b 001 0 eng d |
| 999 |
|
|
|c 40589
|d 40589
|
| 020 |
|
|
|a 9781138886735
|
| 020 |
|
|
|a 1138886734
|
| 020 |
|
|
|a 9781138886728
|
| 020 |
|
|
|a 1138886726
|
| 035 |
|
|
|a (OCoLC)978956002
|z (OCoLC)978827399
|
| 035 |
|
|
|a 10358749
|
| 040 |
|
|
|a YDX
|b eng
|e rda
|c YDX
|d CDX
|d NIC
|d BD-DhAAL
|
| 050 |
|
4 |
|a PN710
|b .E87 2018
|
| 082 |
0 |
4 |
|a 809.894
|2 23
|
| 245 |
0 |
0 |
|a European literary history :
|b an introduction /
|c edited by Maarten De Pourcq and Sophie Levie.
|
| 260 |
|
|
|a London :
|b Routledge, Taylor & Francis Group,
|c c2018.
|
| 300 |
|
|
|a x, 381 pages :
|b illustrations ;
|c 25 cm
|
| 504 |
|
|
|a Includes bibliographical references (pages 357-365) and indexes.
|
| 526 |
|
|
|a ENH
|
| 541 |
|
|
|a Parama
|e 34452
|
| 650 |
|
0 |
|a European literature
|x History and criticism.
|9 30829
|
| 650 |
|
7 |
|a European literature.
|2 fast
|9 30830
|
| 655 |
|
7 |
|a Criticism, interpretation, etc.
|2 fast
|9 30831
|
| 700 |
1 |
|
|a Levie, Sophie
|9 30832
|
| 700 |
1 |
|
|a Pourcq, Maarten de,
|d 1979-
|9 30833
|
| 852 |
|
|
|a Ayesha Abed Library
|c General Stacks
|
| 942 |
|
|
|2 ddc
|c BK
|
| 952 |
|
|
|0 0
|1 0
|2 ddc
|4 0
|6 809_894000000000000_EUR
|7 0
|9 65210
|a BRACUL
|b BRACUL
|c GEN
|d 2019-02-26
|e Parama
|g 2342.29
|l 1
|o 809.894 EUR
|p 3010034452
|r 2022-06-05
|s 2022-06-02
|t 1
|v 2342.29
|w 2019-02-26
|y BK
|